| 000 | 00348nam a22001217a 4500 | ||
|---|---|---|---|
| 008 | 230919b |||||||| |||| 00| 0 eng d | ||
| 020 | _a978-0124172326 | ||
| 050 |
_aHD61 _b.I54 2013 |
||
| 245 |
_aInformation protection playbook _cEdited by Greg Kane & Lorna Koppel |
||
| 260 |
_aLondon _bElservier _c2013 |
||
| 300 | _axviii,110p. | ||
| 942 |
_2lcc _cBK |
||
| 999 |
_c20307 _d20306 |
||